| 000 | 00912nam a2200277 i 4500 | ||
|---|---|---|---|
| 001 | bg | ||
| 100 | 1 | _aHELTZEL, Paul | |
| 245 | 1 | 0 |
_aDomowe sieci bezprzewodowe / _cPaul Heltzel ; [tł. Mikołaj Szczepaniak]. |
| 246 |
_iTyt. oryg.: _aComplete wireless home networking |
||
| 260 |
_aGliwice : _b"Helion", _c2004. |
||
| 300 |
_a179 s. : _bil. ; _c24 cm. |
||
| 500 | _aTyt. oryg.: "Complete wireless home networking". Na okł podtyt.: domowa sieć bez kabli. | ||
| 504 | _aIndeks. | ||
| 650 | 9 | _aBezprzewodowa lokalna sieć komputerowa | |
| 650 | 9 | _aSieć komputerowa | |
| 650 | 9 | _aTransmisja danych | |
| 700 | 1 |
_aSZCZEPANIAK, Mikołaj. _eTł. |
|
| 020 | _a8373613374 | ||
| 040 | _cBPK | ||
| 041 | 1 |
_apol _heng |
|
| 080 | _a004.7 | ||
| 920 | _a83-7361-337-4 | ||
| 942 | _cKS | ||
| 008 | s pl f |000 0 pol | ||
| 999 |
_c44096 _d44096 |
||
| 856 |
_uhttp://koha.tu.koszalin.pl/cgi-bin/koha/opac-detail.pl?biblionumber=44096 _yKatalog online BPK |
||